UEFA Team of the Year 2008 - Statistics

General Stats
  • This quiz has been taken 101 times
  • The average score is 12 of 12
Answer Stats
Position Nationality Club Answer % Correct
RM Portugal Manchester United Cristiano Ronaldo
99%
GK Spain Real Madrid Iker Casillas
99%
ST Argentina Barcelona Lionel Messi
99%
Manager Scotland Manchester United Sir Alex Ferguson
99%
ST Spain Liverpool Fernando Torres
98%
CM Spain Barcelona Xavi
98%
CB Spain Barcelona Carles Puyol
97%
CB England Chelsea John Terry
97%
LM France Bayern Munich Franck Ribéry
95%
LB Germany Bayern Munich Phillipp Lahm
95%
RB Spain Real Madrid Sergio Ramos
94%
CM Spain Arsenal Cesc Fàbregas
90%
No matching quizzes found
Score Distribution
Percent of People with Each Score
Percentile by Number Answered
Your Score History
You have not taken this quiz